| 000 | 00574nam a2200181 i 4500 | ||
|---|---|---|---|
| 001 | 25586 | ||
| 003 | ES-MaACL | ||
| 005 | 20230906153309.0 | ||
| 007 | t| | ||
| 008 | 021227s1965 sp ||||1| spa d | ||
| 100 | 1 |
_aArieti, Silvano. _922825 |
|
| 245 | 1 | 0 |
_aInterpretación de la esquizofrenia / _cSilvano Arieti ; [Traducción por Elena Riesco de Valdivieso]. |
| 260 |
_aBarcelona, etc. : _bLabor, _c1965. |
||
| 300 |
_aXVI, 433 p. ; _c21 cm. |
||
| 650 | 0 | 4 |
_aEsquizofrenia. _912510 |
| 700 | 1 |
_aRiesco de Valdivieso, Elena. _997152 |
|
| 852 |
_aES-MaACL _jC-27426 _bR.56546 |
||
| 999 |
_c25586 _d25586 |
||